| 000 | 00533nam a2200097Ia 4500 | ||
|---|---|---|---|
| 008 | 170517s9999 xx 000 0 und d | ||
| 245 | _aBurzynski: Cancer Is Serious Business - Part II | ||
| 300 | _aThis story is a follow-up to the first documentary about Burzynski, a doctor and biochemist, who in late '60s discovered a new group of peptides in our bodies. After escaping from communist Poland to live in Houston in the... | ||
| 650 | _xTechnology. | ||
| 856 | _uhttp://topdocumentaryfilms.com/burzynski-cancer-serious-business-part-2/ | ||
| 999 |
_c335019 _d335019 |
||